| 000 | 00717nam a2200229Ia 4500 | ||
|---|---|---|---|
| 008 | 140626s9999 xx 000 0 und d | ||
| 100 | _aJosiassen, Alexander. | ||
| 245 |
_aConsumer disidentification and its effects on domestic product purchases : _b an empirical investigation in the Netherlands / _cAlexander Josiassen. |
||
| 260 | _cc2011. | ||
| 300 | _a75 : 2, page 124 | ||
| 440 | _aJournal of Marketing | ||
| 521 | _aBSBA | ||
| 650 | _aAcculturation. | ||
| 650 | _aAnimosity. | ||
| 650 | _aAttraction. | ||
| 650 | _aConsumer affinity. | ||
| 650 | _aConsumer disidentification. | ||
| 650 | _aConsumer ethnocentrism. | ||
| 650 | _aEthnic identification. | ||
| 650 | _aRepulsion. | ||
| 942 | _cSE | ||
| 999 |
_c121099 _d121099 |
||